New cutting edge. (Record no. 14847)

MARC details
000 -LEADER
fixed length control field 01209nam a22003135a 4500
003 - CONTROL NUMBER IDENTIFIER
control field EG-ScBUE
005 - DATE AND TIME OF LATEST TRANSACTION
control field 20220518111822.0
008 - FIXED-LENGTH DATA ELEMENTS--GENERAL INFORMATION
fixed length control field 100701s2005 enka f 000 0 eng d
020 ## - INTERNATIONAL STANDARD BOOK NUMBER
International Standard Book Number 0582825172 (Student book)
020 ## - INTERNATIONAL STANDARD BOOK NUMBER
International Standard Book Number 9780582825178 (Student book)
040 ## - CATALOGING SOURCE
Original cataloging agency EG-ScBUE
Language of cataloging eng
Description conventions rda
Transcribing agency EG-ScBUE
Modifying agency EG-ScBUE
082 04 - DEWEY DECIMAL CLASSIFICATION NUMBER
Classification number 428.24
Item number CUN
Edition number 22
100 1# - MAIN ENTRY--PERSONAL NAME
Personal name Cunningham, Sarah,
Dates associated with a name 1960-
Relator term author.
9 (RLIN) 14281
245 10 - TITLE STATEMENT
Title New cutting edge.
Name of part/section of a work Intermediate.
-- Students' book /
Statement of responsibility, etc Sarah Cunningham, Peter Moor.
264 #1 - PUBLICATION, DISTRIBUTION, ETC. (IMPRINT)
Place of publication, distribution, etc Harlow, England :
Name of publisher, distributor, etc Pearson Education Limited,
Date of publication, distribution, etc 2005.
300 ## - PHYSICAL DESCRIPTION
Extent 175 pages :
Other physical details illustrations ;
Dimensions 28 cm
336 ## - CONTENT TYPE
Source rdacontent
Content type term text
Content type code txt
337 ## - MEDIA TYPE
Source rdamedia
Media type term unmediated
Media type code n
338 ## - CARRIER TYPE
Source rdacarrier
Carrier type term volume
Carrier type code nc
500 ## - GENERAL NOTE
General note Mini-Dictionary in pocket of Students' book.
650 #7 - SUBJECT ADDED ENTRY--TOPICAL TERM
Topical term or geographic name as entry element English language
Form subdivision Textbooks for foreign speakers.
Source of heading or term BUEsh
9 (RLIN) 13993
650 #7 - SUBJECT ADDED ENTRY--TOPICAL TERM
Topical term or geographic name as entry element English language
General subdivision Study and teaching
Form subdivision Foreign speakers.
Source of heading or term BUEsh
9 (RLIN) 10860
650 #7 - SUBJECT ADDED ENTRY--TOPICAL TERM
Topical term or geographic name as entry element English language
General subdivision Grammar
Form subdivision Problems, exercises, etc.
Source of heading or term BUEsh
9 (RLIN) 13890
651 ## - SUBJECT ADDED ENTRY--GEOGRAPHIC NAME
Source of heading or term BUEsh
653 ## - INDEX TERM--UNCONTROLLED
Resource For college Humanities: English
Arrived date list January2019
655 ## - INDEX TERM--GENRE/FORM
Form subdivision Reading book
9 (RLIN) 34232
700 1# - ADDED ENTRY--PERSONAL NAME
Personal name Moor, Peter,
Dates associated with a name 1957-
Relator term author.
9 (RLIN) 14290
942 ## - ADDED ENTRY ELEMENTS (KOHA)
Source of classification or shelving scheme Dewey Decimal Classification
Koha item type Book - Borrowing
Holdings
Withdrawn status Lost status Source of classification or shelving scheme Damaged status Not for loan Collection code Home library Current library Shelving location Date acquired Source of acquisition Total Checkouts Full call number Barcode Date last seen Price effective from Koha item type Public note
    Dewey Decimal Classification       Central Library Central Library Second Floor 29/11/2010     428.24 CUN 000004717 15/07/2025 29/11/2010 Book - Borrowing  
    Dewey Decimal Classification       Central Library Central Library Second Floor 29/11/2010     428.24 CUN 000004720 15/07/2025 29/11/2010 Book - Borrowing  
    Dewey Decimal Classification       Central Library Central Library Second Floor 29/11/2010     428.24 CUN 000004719 15/07/2025 29/11/2010 Book - Borrowing  
    Dewey Decimal Classification       Central Library Central Library Second Floor 29/11/2010     428.24 CUN 000004722 15/07/2025 29/11/2010 Book - Borrowing  
    Dewey Decimal Classification       Central Library Central Library Second Floor 29/11/2010     428.24 CUN 000004724 15/07/2025 29/11/2010 Book - Borrowing  
    Dewey Decimal Classification       Central Library Central Library Second Floor 29/11/2010     428.24 CUN 000004718 15/07/2025 29/11/2010 Book - Borrowing  
    Dewey Decimal Classification       Central Library Central Library Second Floor 29/11/2010     428.24 CUN 000004721 15/07/2025 29/11/2010 Book - Borrowing  
    Dewey Decimal Classification       Central Library Central Library Second Floor 29/11/2010     428.24 CUN 000030121 15/07/2025   Book - Borrowing  
    Dewey Decimal Classification       Central Library Central Library Second Floor 29/11/2010     428.24 CUN 000004723 15/07/2025 29/11/2010 Book - Borrowing  
    Dewey Decimal Classification     Baccah Central Library Central Library First floor 14/01/2019 Purchase   428.24 CUN 000044094 15/07/2025 14/01/2019 NB - Book (Non borrowing) MINI-Dictionary
    Dewey Decimal Classification     Baccah Central Library Central Library First floor 14/01/2019 Purchase   428.24 CUN 000044095 15/07/2025 14/01/2019 Book - Borrowing MINI-Dictionary
    Dewey Decimal Classification     Baccah Central Library Central Library First floor 14/01/2019 Purchase   428.24 CUN 000044096 15/07/2025 14/01/2019 Book - Borrowing MINI-Dictionary
    Dewey Decimal Classification     Baccah Central Library Central Library First floor 14/01/2019 Purchase   428.24 CUN 000044097 15/07/2025 14/01/2019 Book - Borrowing MINI-Dictionary
    Dewey Decimal Classification     Baccah Central Library Central Library First floor 14/01/2019 Purchase   428.24 CUN 000044098 15/07/2025 14/01/2019 Book - Borrowing MINI-Dictionary
    Dewey Decimal Classification     Baccah Central Library Central Library First floor 14/01/2019 Purchase   428.24 CUN 000044099 15/07/2025 14/01/2019 Book - Borrowing MINI-Dictionary
    Dewey Decimal Classification     Baccah Central Library Central Library First floor 14/01/2019 Purchase   428.24 CUN 000044100 11/06/2024 14/01/2019 Book - Borrowing MINI-Dictionary
    Dewey Decimal Classification     Baccah Central Library Central Library First floor 14/01/2019 Purchase   428.24 CUN 000044101 15/07/2025 14/01/2019 Book - Borrowing MINI-Dictionary